| 000 | 00630nam a2200181Ia 4500 | ||
|---|---|---|---|
| 001 | 2441 | ||
| 003 | GE_BSU | ||
| 008 | 181216s||||||||xx |||||||||||||| ||und|| | ||
| 040 | _cGE_BSU | ||
| 080 | _a597.2/5 | ||
| 245 | _aსათევზმეურნეო ტბორების ჰიდროქიმიური ანალიზი.( ინსტრუქცია) | ||
| 260 | _aბათუმი | ||
| 260 | _c1972 | ||
| 300 | _a23 გვ. | ||
| 541 | _h2ლ. | ||
| 653 | _aსათევზმეურნეო ტბორების ჰიდროქიმიური ანალიზი. | ||
| 942 | _cBK | ||
| 999 |
_c36523 _d36523 |
||